000 00804nam a2200229Ii 4500
003 JO-AjNU
008 230605s9999||||xx |||||||||||||| ||und||
017 _a2008/1/149
020 _a978-9957-23-079-1
040 _aJO-AjNU
_bara
_erda
_cJO-AjNU
041 _aara
050 1 4 _aPJ7519.L58 A83 2008
100 3 _aالأسد، ناصر الدين 1923,
_eauthor
_948656
245 0 0 _aمقدمة لدراسة الجراد في التراث العربي
250 _aط1
264 3 1 _aعمان: دار الفتح للدراسات والنشر، 2008
300 _a71ص
336 _atext
_btxt
_2rdacontent
337 _aunmediated
_bn
_2rdamedia
338 _avolume
_bnc
_2rdacarrier
650 4 _aالجراد في الادب العربي - الادب العربي - تاريخ ونقد
_948657
999 _aA21323
_c24891
_d24891